Datum a čas kvízu
39
Celkem bodů
Celkový počet nahraných bodů na tomto kvízu bez doplňovacích otázek.
1.
Pořadí na kvízu
Konečné umístění týmu na tomto kvízu.
Zaznamenané odpovědi
| # | Otázka | Odpověď | Body | Výsledky |
|---|---|---|---|---|
| 1. | V úterý vydalo jedno politické... | SPD; Plzeňský Prazdroj (Pilsner Urquell) | 1 | |
| 2. | 64letý exprezident jedné země,... | o Jižní Koreji (Korejské republice) | 1 | |
| 3. | Ve středu překvapila přihlíže... | Paranoid; Ozzy Osbourne | 0.5 | |
| 4. | Minulý týden ohlásila jedna če... | Benu | 1 | |
| 5. | Minulý čtvrtek jsme se dozvědě... | Andrea Stramaccioni | 1 | |
| 6. | V tématu se zaměříme na nejrůz... | v Japonsku | 1 | |
| 7. | Stánků s langoši bylo v devade... | Starej fotr | 1 | |
| 8. | V našem tématu nemůžeme vynech... | 2000 (1999 až 2001 za bod) | 1 | |
| 9. | Nejdříve trendy doplněk, pozdě... | Bella Hadid | 1 | |
| 10. | Gramofonovým deskám leckdo pře... | long play | 0 |